[Event "Leitersdorf Region-ch"]
[Site "Leitersdorf"]
[Date "2012.01.07"]
[Round "5.1"]
[White "Schweiger, Martin"]
[Black "Muenzer, Walter"]
[Result "1/2-1/2"]
[WhiteElo "1608"]
[BlackElo "1681"]
[PlyCount "44"]
[EventDate "2012.01.03"]
[EventType "swiss"]
[EventRounds "5"]
[EventCountry "AUT"]
[SourceTitle "EXT 2013"]
[Source "ChessBase"]
[SourceDate "2012.11.22"]
[SourceVersion "1"]
[SourceVersionDate "2012.11.22"]
[SourceQuality "1"]

1. e4 e6 2. d4 d5 3. e5 c5 4. c3 Qb6 5. Nf3 Nc6 6. a3 Bd7 7. b4 cxd4 8. cxd4 Rc8 9. Be2 Nge7 10. 0-0 Nf5 11. Be3 Nd8 12. Qb3 Be7 13. Nbd2 0-0 14. Rfc1 Nc6 15. Qb2 Nxe3 16. fxe3 f6 17. exf6 Bxf6 18. Nb3 Be7 19. Nc5 Bxc5 20. Rxc5 Nb8 21. Rac1 Rxc5 22. Rxc5 Rc8 1/2-1/2

[Event "Leitersdorf Region-ch"]
[Site "Leitersdorf"]
[Date "2012.01.05"]
[Round "3"]
[White "Muenzer, Walter"]
[Black "Heinisch, Wolfgang"]
[Result "0-1"]
[WhiteElo "1681"]
[BlackElo "1951"]
[PlyCount "50"]
[EventDate "2012.01.03"]
[EventType "swiss"]
[EventRounds "5"]
[EventCountry "AUT"]
[SourceTitle "EXT 2013"]
[Source "ChessBase"]
[SourceDate "2012.11.22"]
[SourceVersion "1"]
[SourceVersionDate "2012.11.22"]
[SourceQuality "1"]

1. e4 c5 2. Nf3 Nc6 3. d4 cxd4 4. Nxd4 Nf6 5. Nc3 e5 6. Nf3 Bb4 7. Bd3 0-0 8. Bd2 d6 9. h3 Bxc3 10. Bxc3 Re8 11. Qe2 Qc7 12. 0-0-0 a6 13. Bc4 Be6 14. Bxe6 Rxe6 15. g4 Rd8 16. g5 Nh5 17. Bd2 b5 18. Nh2 Nd4 19. Qd3 Rc8 20. c3 b4 21. Kb1 bxc3 22. Qxc3 Qb7 23. Qd3 d5 24. f3 Rb6 25. Qa3 Nc2 0-1